Jain Mahapurana of Bhagavajjinasena-Gunabhadracharya: (Record no. 181964)

MARC details
000 -LEADER
fixed length control field 01221nam a22002057a 4500
005 - DATE AND TIME OF LATEST TRANSACTION
control field 20211215140806.0
010 ## - LCCN (DPL NO)
LC control number ENG-130034-130039
020 ## - INTERNATIONAL STANDARD BOOK NUMBER
International Standard Book Number 9788193531839
Terms of availability 9000.00( vol.6)
035 ## - SYSTEM CONTROL NUMBER
System control number EN-113566 -113571
037 ## - SOURCE OF ACQUISITION
Source of stock number/acquisition DBAD/PUB
082 ## - DEWEY DECIMAL CLASSIFICATION NUMBER
Classification number 240
100 ## - MAIN ENTRY--PERSONAL NAME
Personal name Panditaratna A. Shanthirajashastry
245 ## - TITLE STATEMENT
Title Jain Mahapurana of Bhagavajjinasena-Gunabhadracharya:
Statement of responsibility, etc by Panditaratna A. Shanthirajashastry ;translated by K.E.Radhakrishna
260 ## - PUBLICATION, DISTRIBUTION, ETC. (IMPRINT)
Name of publisher, distributor, etc Motilal Banarsidass
Place of publication, distribution, etc India
Date of publication, distribution, etc 2020
270 ## - ADDRESS
City New Delhi
Postal code 110028
Address A-44,Naraina Industrial Area,Phase-1
Telephone number 25792734
Fax number 25797221
Electronic mail address mlbd@mlbd.in
300 ## - PHYSICAL DESCRIPTION
Extent xlviii,701p.(vol-1) xxxii,786p. (vol-2) xxxii,748p. (vol-3) xxxii,717p.(vol-4)xxxii,729p. (vol-5) xvi,768p.(vol-6)
Dimensions 25cm(hbk)
Other physical details vol.1-6
500 ## - GENERAL NOTE
General note vol.1(Purvapurana-13 Parvas (parva1 to 13)<br/>vol.2(Purvapurana-14 Parvas (parva14 to 27)<br/>vol.3 (Purvapurana-15 Parvas (parva28 to 42)<br/>vol.4 (Purvapurana-16 Parvas (parva43 to 59)<br/>vol.5(Uttarapurana-11 Parvas (parva 60 to 70)<br/>vol.6(Uttarapurana-7 Parvas (parva71 to 77)<br/><br/><br/><br/><br/><br/><br/><br/><br/><br/><br/><br/><br/><br/><br/><br/><br/><br/><br/><br/><br/><br/><br/><br/><br/><br/><br/><br/><br/><br/><br/><br/><br/><br/><br/><br/><br/><br/><br/><br/><br/><br/><br/><br/><br/>
700 ## - ADDED ENTRY--PERSONAL NAME
Personal name .Radhakrishna, K.E
942 ## - ADDED ENTRY ELEMENTS (KOHA)
Source of classification or shelving scheme Dewey Decimal Classification
Item type English Books
Classification part 240
Call number suffix PAN
Holdings
Withdrawn status Lost status Materials specified (bound volume or other part) Not for loan Collection code Home library Current library Date acquired Source of acquisition Cost, normal purchase price Full call number Barcode Copy number Cost, replacement price Koha item type
    vol.1   Reference Central Library Central Library 12/10/2021 DBAD/PUB 1500.00 240 PAN EN-113566 1 1500.00 English Books
    vol.2   Reference Central Library Central Library 12/10/2021 DBAD/PUB 1500.00 240 PAN EN-113567 1 1500.00 English Books
    vol.3   Reference Central Library Central Library 12/10/2021 DBAD/PUB 1500.00 240 PAN EN-113568 1 1500.00 English Books
    vol.4   Reference Central Library Central Library 12/10/2021 DBAD/PUB 1500.00 240 PAN EN-113569 1 1500.00 English Books
    vol.5   Reference Central Library Central Library 12/10/2021 DBAD/PUB 1500.00 240 PAN EN-113570 1 1500.00 English Books
    vol.6   Reference Central Library Central Library 12/10/2021 DBAD/PUB 1500.00 240 PAN EN-113571 1 1500.00 English Books

© Delhi Public Library
Hit Counter
free hit counter